000 01214nam a2200253 i 4500
001 155075
003 ES-MaACL
005 20250828023459.0
008 931025s1713 it |||| | spa d
100 1 _aHaller y Quiñones, Juan de
_cCC. RR.
_961595
245 1 0 _aAbecedario de principes para el uso del Serenissimo Señor D. Luis de Borbon, Principe de Asturias /
_ccompuesto por el padre Juan de Haller y Quiñones de la Sagrada Religion de Clericos [sic] Regulares Menores...
260 _aEn Roma :
_ben la Imprenta de Juan Francisco Chracas,
_c1713.
300 _a[16], 170 p., [2] en bl. ;
_c4º.
530 _aDisponible en formato digital.
597 _aSign.: [ ], *², 2*4, A-V4, X6.
597 _aAntep.
597 _aTexto con apostillas marginales e inciales grabadas.
597 _aEscudo calcográfico a toda plana de Felipe V, rey de España (p. 8)
650 7 _aEducación de príncipes
_2embne
_912100
651 7 _aEspaña-
_xPolítica y gobierno-
_y1700-1746
_2
_9171479
852 _aES-MaACL
_jR-363
_z- Enc. pasta española
_x Oim: F-8506
856 _uhttp://bdh-rd.bne.es/viewer.vm?id=0000115011&page=1
_zBiblioteca Digital Hispánica
999 _c155075
_d155075